On writers and writing / (Record no. 186789)

000 -LEADER
fixed length control field 01212 a2200205 4500
003 - CONTROL NUMBER IDENTIFIER
control field NUST
005 - DATE AND TIME OF LATEST TRANSACTION
control field 20230126132727.0
010 ## - LIBRARY OF CONGRESS CONTROL NUMBER
LC control number 93050798
020 ## - INTERNATIONAL STANDARD BOOK NUMBER
International Standard Book Number 0201626721 :
040 ## - CATALOGING SOURCE
Transcribing agency Nust
082 00 - DEWEY DECIMAL CLASSIFICATION NUMBER
Classification number 809.304,GAR
100 1# - MAIN ENTRY--PERSONAL NAME
Personal name Gardner, John
9 (RLIN) 9774
245 10 - TITLE STATEMENT
Title On writers and writing /
Statement of responsibility, etc. John Gardner ; introduction by Charles Johnson ; edited by Stewart O'Nan.
260 ## - PUBLICATION, DISTRIBUTION, ETC.
Place of publication, distribution, etc. Reading, Mass. :
Name of publisher, distributor, etc. Addison-Wesley Pub. Co.,
Date of publication, distribution, etc. c1994.
300 ## - PHYSICAL DESCRIPTION
Extent xxi, 297 p. ;
Dimensions 24 cm.
505 ## - FORMATTED CONTENTS NOTE
Formatted contents note Bartleby Art and The Social Commitment (Page-1), An Invective Against Mere Fiction (Page-13), More Smog From the Dark Satanic Mills (Page-35), Alice in wonderland (Page-60), The Breast (Page-65), The Way We Write Now (Page-70), Saint Walt (Page-78), The Adventurer (Page-86), The Acts of King Artbur ad His Noble (Page-112), Lancelot (Page-119), Falconer (Page-124), The Castle of Crossed Destinies (Page-130), Daniel Martin (Page-134), The Stories of Jobn Cheever (Page-145), Fiction in MSS (Page-212), What writers Do (Page-216), cartoons (Page-228), General Plan for the Sunlight Dialogues (Page-258).
650 #0 - SUBJECT ADDED ENTRY--TOPICAL TERM
Topical term or geographic name entry element Books
General subdivision Reviews.
9 (RLIN) 107780
700 1# - ADDED ENTRY--PERSONAL NAME
Personal name O'Nan, Stewart,
Dates associated with a name 1961-
9 (RLIN) 107781
942 ## - ADDED ENTRY ELEMENTS (KOHA)
Source of classification or shelving scheme
Koha item type Book
Call number prefix 809.304,GAR
Holdings
Withdrawn status Lost status Source of classification or shelving scheme Damaged status Not for loan Permanent Location Current Location Shelving location Date acquired Total Checkouts Full call number Barcode Date last seen Date last checked out Price effective from Koha item type Public note
          Military College of Signals (MCS) Military College of Signals (MCS) General Stacks 12/12/2016 1 809.304,GAR MCS27033 10/17/2022 10/03/2022 12/12/2016 Book Almirah No.57, Shelf No.3
© 2023 Central Library, National University of Sciences and Technology. All Rights Reserved.